LEADER 00566cam a2200181 4500 001 991004265437007536 005 20230224155507.0 008 240223n it cf 000 0 ita d 040 $aBibl. Interfacoltà T. Pellegrino$bita 082 04$a809.6 100 1 $aOrano, Paolo$d<1875-1945>$0306849 245 10$aAll'amico comunista :$blettere /$cdi Paolo Orano 260 $aRoma :$b[s.n.],$c[s.d.] 300 $a23 p. ;$c18 cm 600 14$aOrano, Paolo,$d1875-1945$xCorrispondenza 912 $a991004265437007536 996 $aAll'amico comunista$93375759 997 $aUNISALENTO